20 Random UEFA Champions League Winners - Statistics

General Stats
  • This quiz has been taken 26 times
  • The average score is 13 of 20
Answer Stats
Year Team % Correct
1973 Ajax
100%
2006 Barcelona
100%
2009 Barcelona
100%
2011 Barcelona
100%
1974 Bayern Munich
100%
2013 Bayern Munich
100%
1967 Celtic
100%
2010 Inter Milan
100%
1984 Liverpool
100%
2019 Liverpool
100%
1968 Manchester United
100%
1963 Milan
100%
1969 Milan
100%
1994 Milan
100%
2003 Milan
100%
1980 Nottingham Forest
100%
2004 Porto
100%
1956 Real Madrid
100%
1957 Real Madrid
100%
1958 Real Madrid
100%
2002 Real Madrid
100%
2014 Real Madrid
100%
2017 Real Madrid
100%
2018 Real Madrid
100%
2015 Barcelona
67%
1977 Liverpool
67%
1981 Liverpool
67%
2007 Milan
67%
1991 Red Star Belgrade
67%
1972 Ajax
50%
1992 Barcelona
50%
1997 Borussia Dortmund
50%
1993 Marseillle
50%
1989 MIlan
50%
1998 Real Madrid
50%
1964 Inter Milan
33%
1971 Ajax
0%
1995 Ajax
0%
1982 Aston Villa
0%
1975 Bayern Munich
0%
1976 Bayern Munich
0%
2001 Bayern Munich
0%
1961 Benfica
0%
1962 Benfica
0%
2012 Chelsea
0%
1970 Feyenoord
0%
1983 Hamburger SV
0%
1965 Inter Milan
0%
1985 Juventus
0%
1996 Juventus
0%
1978 Liverpool
0%
2005 Liverpool
0%
1999 Manchester United
0%
2008 Manchester United
0%
1990 Milan
0%
1979 Nottingham Forest
0%
1987 Porto
0%
1988 PSV
0%
1959 Real Madrid
0%
1960 Real Madrid
0%
1966 Real Madrid
0%
2000 Real Madrid
0%
2016 Real Madrid
0%
1986 Steaua Bucuresti
0%
No matching quizzes found
Score Distribution
Percent of People with Each Score
Percentile by Number Answered
Your Score History
You have not taken this quiz